An archaeology of posing : essays on camp, drag, and sexuality /

Spremljeno u:
Bibliografski detalji
Glavni autor: Meyer, Moe
Format: Knjiga
Jezik:engleski
Izdano: [Madison] : Macater, 2010
Oznake: Dodaj oznaku
Bez oznaka, Budi prvi tko označuje ovaj zapis!

MARC

LEADER 00000nam a22000007i 4500
001 IT\ICCU\UBO\3852996
003 ItRI
005 20260115232008.0
008 110421s2010 xxu|||||| ||||| |||||c
020 |a 9780981492452 
040 |b ita  |c importazione bologna sebina 
041 7 |a eng  |2 ISO-639-2 
100 1 |a Meyer, Moe  |0 IT\ICCU\MILV\176365 
245 1 3 |a An archaeology of posing :  |b essays on camp, drag, and sexuality /  |c Moe Meyer. 
260 |a [Madison] :  |b Macater,  |c 2010 
300 |a 221 p. ;  |c 23 cm. 
942 |2 ddc  |c BK  |n 0 
952 |0 0  |1 0  |4 0  |6 DOC_790_000000000000000_MEY  |7 0  |9 18611  |a BO  |b BO  |d 2026-01-15  |i 14901  |l 0  |o DOC 790 MEY  |p BO14901  |r 2026-01-15 23:20:08  |w 2026-01-15  |x [Sebina 5] [1 v.]  |y BK  |z 1 v. 
999 |c 15775  |d 15775